00394 a2200109 4500001001000000005001700010008004100027245010600068100002100174700002200195773006700217ART_5090820260410162007.0260409a 10aImpacto de la COVID-19 en el régimen de administración de consorcios y la normativa de emergencia1 aHumphreys, Ethel1 aMartinat, Julieta0 tTemas de derecho civilg- Año 6, N° 6 (jun. 2020)wREV34778